000 00426nam a22001577a 4500
003 OSt
005 20250807122021.0
008 250807b |||||||| |||| 00| 0 eng d
040 _aSEKU
050 _aS 441
_b.A46
245 _aAlternative Agriculture
260 _aWashington DC
_bNational Academic Press ,
_c1969.
300 _a448:.p
651 _2Agriculture
_xProduction
942 _2lcc
_cGEN
999 _c18570
_d18570